Hansein Hansaein warna Muskuraain (Record no. 534117)
[ view plain ]
| 000 -LEADER | |
|---|---|
| fixed length control field | 00240nam a22001097a 4500 |
| 040 ## - CATALOGING SOURCE | |
| Transcribing agency | dlc |
| 082 ## - DEWEY DECIMAL CLASSIFICATION NUMBER | |
| Classification number | 891.4398 |
| 100 ## - MAIN ENTRY--PERSONAL NAME | |
| Personal name | Aman Ullah Nayyar |
| 9 (RLIN) | 28261 |
| 245 ## - TITLE STATEMENT | |
| Title | Hansein Hansaein warna Muskuraain |
| 300 ## - PHYSICAL DESCRIPTION | |
| Extent | 240;p |
| 942 ## - ADDED ENTRY ELEMENTS (KOHA) | |
| Source of classification or shelving scheme | |
| Koha item type | Book |
| Withdrawn status | Lost status | Source of classification or shelving scheme | Damaged status | Not for loan | Permanent Location | Current Location | Date acquired | Total Checkouts | Full call number | Barcode | Date last seen | Price effective from | Koha item type |
|---|---|---|---|---|---|---|---|---|---|---|---|---|---|
| School of Civil and Environmental Engineering (SCEE) | School of Civil and Environmental Engineering (SCEE) | 02/03/2020 | 891.4398 | NIT-9626 | 02/03/2020 | 02/03/2020 | Book |
